El libro de la envidia / (Registro nro. 4192)

Detalles MARC
000 -LEADER
fixed length control field 00864nam a2200217Ia 4500
003 - CONTROL NUMBER IDENTIFIER
control field OSt
005 - DATE AND TIME OF LATEST TRANSACTION
control field 20250505103959.0
008 - FIXED-LENGTH DATA ELEMENTS--GENERAL INFORMATION
fixed length control field 191128s2014 ck er 000 f spa d
020 ## - INTERNATIONAL STANDARD BOOK NUMBER
International Standard Book Number 9789587587050
040 ## - CATALOGING SOURCE
Original cataloging agency CO-JMCR
Transcribing agency CO-JMCR
041 ## - LANGUAGE CODE
Language code of text/sound track or separate title spa
082 04 - DEWEY DECIMAL CLASSIFICATION NUMBER
Classification number A-N
Item number SILl
100 1# - MAIN ENTRY--PERSONAL NAME
Personal name Silva Romero, Ricardo,
Relator term autor
9 (RLIN) 8220
245 13 - TITLE STATEMENT
Title El libro de la envidia /
Statement of responsibility, etc. Ricardo Silva Romero
260 ## - PUBLICATION, DISTRIBUTION, ETC.
Place of publication, distribution, etc. Bogotá :
Name of publisher, distributor, etc. Alfaguara,
Date of publication, distribution, etc. 2014
300 ## - PHYSICAL DESCRIPTION
Extent 525 páginas ;
Dimensions 23 cm.
500 ## - GENERAL NOTE
General note Incluye datos biográficos del autor en solapa
520 ## - SUMMARY, ETC.
Summary, etc. En la Bogotá de 1896, tras la muerte de Silva, el loco Cacanegra, un popular personaje de las calles de la cuidad que se dedican a cuidar niños y hacer mandados, se levantan todos los días para vivie la misma aventura: demostrarles a los diferentes bogot
650 14 - SUBJECT ADDED ENTRY--TOPICAL TERM
Topical term or geographic name entry element Novela colombiana
9 (RLIN) 8221
942 ## - ADDED ENTRY ELEMENTS (KOHA)
Source of classification or shelving scheme Dewey Decimal Classification
Koha item type Books
Existencias
Withdrawn status Lost status Source of classification or shelving scheme Damaged status Not for loan Home library Current library Date acquired Source of acquisition Total Checkouts Full call number Barcode Date last seen Date last checked out Copy number Koha item type
    Dewey Decimal Classification     Biblioteca Pública José María del Castillo y Rada Biblioteca Pública José María del Castillo y Rada 11/28/2019 Donación 2 A-N SILl 201809017 05/06/2025 05/05/2025 Ej.1 Books